[Event "Tel Aviv ASA"]
[Site "Tel Aviv"]
[Date "1995.??.??"]
[Round "4"]
[White "Fauland, Alexander"]
[Black "Golod, Vitali"]
[Result "0-1"]
[WhiteElo "2445"]
[BlackElo "2545"]
[PlyCount "88"]
[EventDate "1995.??.??"]
[Source "ChessBase"]

1. c4 g6 2. g3 Bg7 3. Bg2 e5 4. Nc3 d6 5. e4 Nc6 6. d3 Nge7 7. Nge2 Be6 8. O-O Qd7 9. Nd5 O-O 10. Bg5 f6 11. Be3 f5 12. Qd2 Rae8 13. Rac1 Nc8 14. b4 Nd8 15. b5 c6 16. bxc6 bxc6 17. Nb4 a5 18. exf5 Rxf5 19. Na6 Rh5 20. Nb8 Qc7 21. Rb1 Ne7 22. Na6 Qc8 23. Qxa5 e4 24. c5 Nd5 25. Rb8 Qd7 26. Bxe4 Bf6 27. Bd4 Bf7 28. Bxf6 Nxf6 29. Nf4 Rhe5 30. Bg2 dxc5 31. Qb6 g5 32. Nh3 Nd5 33. Qb2 Re2 34. Qc1 h6 35. Nxc5 Qa7 36. Rb1 Qxa2 37. Ne4 Rc2 38. Qd1 Ne3 39. Qe1 Nxg2 40. Kxg2 Qd5 41. Qd1 Ra2 42. Ra1 Rb2 43. Re1 Bg6 44. Rb1 Rxe4 0-1

[Event "FRG Ch 20th"]
[Site "Bad Neuenahr GER"]
[Date "1989.??.??"]
[Round "?"]
[White "Keitlinghaus, Ludger"]
[Black "Hort, Vlastimil"]
[Result "1/2-1/2"]
[WhiteElo "2410"]
[BlackElo "2580"]
[PlyCount "89"]
[EventDate "1989.??.??"]
[Source "www.chesslib.no"]
[SourceDate "2004.05.04"]

1. c4 e5 2. Nc3 Nc6 3. g3 g6 4. Bg2 Bg7 5. e4 d6 6. d3 Nd4 7. Nge2 Nxe2 8. Nxe2 Be6 9. Be3 Qd7 10. Qd2 h5 11. h3 Ne7 12. Rc1 c5 13. b4 cxb4 14. Qxb4 O-O 15. h4 Kh7 16. Rb1 b6 17. Qd2 Ng8 18. Ng1 Rab8 19. Bh3 Nh6 20. Bxe6 Qxe6 21. Nh3 f6 22. f3 Nf7 23. Kf2 Bh6 24. Bxh6 Nxh6 25. Kg2 Rbc8 26. Rb5 Rc5 27. a4 Rfc8 28. Rhb1 Rxb5 29. Rxb5 Rc5 30. Nf2 Ng8 31. Nd1 Ne7 32. Ne3 Qd7 33. g4 Qe6 34. Kh2 f5 35. Rxc5 dxc5 36. gxf5 gxf5 37. Nxf5 Nxf5 38. exf5 Qxf5 39. Kg3 Qg6+ 40. Kf2 Qf6 41. Kg3 Qd6 42. Kg2 Qg6+ 43. Kf2 Qf6 44. Kg3 Qg6+ 45. Kf2 1/2-1/2

[Event "Seefeld op 11th"]
[Site "?"]
[Date "2000.09.24"]
[Round "9"]
[White "Miezis Normunds"]
[Black "Lazic Miroljub"]
[Result "1-0"]
[WhiteElo "2518"]
[BlackElo "2470"]
[PlyCount "99"]
[EventDate "2000.??.??"]
[Source "www.chesslib.no"]
[SourceDate "2004.05.04"]

1. c4 e5 2. Nc3 d6 3. g3 g6 4. Bg2 Bg7 5. d3 Nc6 6. e4 Be6 7. Nf3 h6 8. Be3 Qd7 9. Nd5 Nge7 10. h3 f5 11. Qd2 g5 12. Nxe7 Nxe7 13. exf5 Nxf5 14. Qe2 e4 15. dxe4 Nxe3 16. fxe3 Qa4 17. Nd4 Bxc4 18. Qd2 Qd7 19. Rc1 Ba6 20. Bf3 h5 21. Qd1 Qf7 22. Qa4+ Kd8 23. Be2 Bxe2 24. Kxe2 Bxd4 25. Qxd4 Re8 26. Rhf1 Qd7 27. Qf6+ Kc8 28. Qxg5 c5 29. Qf5 Kc7 30. Qxd7+ Kxd7 31. Rf4 Re5 32. Rd1 Rg8 33. Kf3 Rgg5 34. Rf7+ Re7 35. Rf5 Re5 36. Kf4 Rgxf5+ 37. exf5 c4 38. e4 b5 39. b4 a5 40. a3 axb4 41. axb4 Re8 42. g4 hxg4 43. hxg4 c3 44. Rc1 Rc8 45. g5 Rc4 46. g6 Ke7 47. Kg5 c2 48. f6+ Ke6 49. f7 Ke7 50. Kh6 1-0

[Event "HB Global Chess Challenge"]
[Site "?"]
[Date "2005.05.22"]
[Round "8.31"]
[White "Gonzales Jayson"]
[Black "Fernandez Daniel"]
[Result "1/2-1/2"]
[WhiteElo "2574"]
[BlackElo "2413"]
[PlyCount "65"]
[EventDate "2005.??.??"]
[Source "www.chesslib.no"]
[SourceDate "2004.05.04"]

1. c4 g6 2. g3 Bg7 3. Bg2 e5 4. Nc3 Nc6 5. d3 d6 6. e4 Nge7 7. Nge2 O-O 8. O-O f5 9. f3 Be6 10. Nd5 Qd7 11. Be3 Nd4 12. Bxd4 exd4 13. Nef4 Bf7 14. Nxe7+ Qxe7 15. exf5 gxf5 16. Re1 Qd7 17. Bh3 Rae8 18. Qb3 c6 19. Qa3 b6 20. Ng2 Bf6 21. Qb4 Bg5 22. f4 Bd8 23. Qd2 d5 24. b3 dxc4 25. bxc4 b5 26. cxb5 cxb5 27. Re5 Bg6 28. a4 bxa4 29. Qc2 Bc7 30. Rc5 Bb6 31. Re5 Bc7 32. Rc5 Bb6 33. Re5 1/2-1/2

[Event "Herzliya"]
[Site "Herzliya"]
[Date "1993.??.??"]
[Round "3"]
[White "Csom, Istvan"]
[Black "Davies, Nigel R"]
[Result "1/2-1/2"]
[WhiteElo "2475"]
[BlackElo "2505"]
[PlyCount "20"]
[EventDate "1993.11.??"]
[Source "ChessBase"]

1. c4 e5 2. Nc3 Nc6 3. d3 d6 4. g3 g6 5. Bg2 Bg7 6. e4 h5 7. Nf3 Bg4 8. Be3 h4 9. h3 Bxf3 10. Bxf3 Bh6 1/2-1/2

[Event "13 open"]
[Site "Castellar del Vallés"]
[Date "2004.07.18"]
[Round "5.3"]
[White "Granados Gomez, Manuel"]
[Black "Moskalenko, Viktor"]
[Result "1/2-1/2"]
[WhiteElo "2426"]
[BlackElo "2544"]
[PlyCount "68"]
[EventDate "2004.07.14"]
[Source "Roberto Alvarez"]
[SourceDate "2003.08.04"]

1. c4 e5 2. g3 Nc6 3. Bg2 g6 4. Nc3 Bg7 5. e4 d6 6. d3 f5 7. exf5 Bxf5 8. Nge2 Qd7 9. Nd5 Nf6 10. Bh6 O-O 11. Bxg7 Kxg7 12. Nxf6 Rxf6 13. O-O Raf8 14. f3 d5 15. Nc3 dxc4 16. dxc4 Rd6 17. Nd5 Ne7 18. Qb3 c6 19. Nxe7 Qxe7 20. Qa3 b6 21. Rfe1 c5 22. Rad1 Rfd8 23. Rxd6 Rxd6 24. Qe3 Rd3 25. Qxe5+ Qxe5 26. Rxe5 Kf6 27. Rd5 Rxd5 28. cxd5 Ke5 29. f4+ Kd6 30. Kf2 Bb1 31. a3 Ba2 32. Ke3 Bxd5 33. Bf1 Be6 34. h3 a5 1/2-1/2

[Event "NED Team Ch"]
[Site "NED"]
[Date "1992.??.??"]
[Round "?"]
[White "Bartels, Hans A"]
[Black "Piket, Jeroen"]
[Result "0-1"]
[WhiteElo "2350"]
[BlackElo "2615"]
[PlyCount "114"]
[EventDate "1992.??.??"]
[Source "www.chesslib.no"]
[SourceDate "2004.05.04"]

1. c4 g6 2. g3 Bg7 3. Bg2 e5 4. Nc3 d6 5. d3 Nc6 6. e4 h5 7. h4 Nd4 8. Nce2 c5 9. Nxd4 cxd4 10. Bh3 Ne7 11. Bg5 O-O 12. f3 f6 13. Bd2 f5 14. Qe2 a6 15. g4 b5 16. cxb5 axb5 17. Qg2 f4 18. gxh5 gxh5 19. Ne2 Rf6 20. Kf2 Rg6 21. Qh2 d5 22. Rhg1 dxe4 23. fxe4 Bg4 24. Bxg4 hxg4 25. h5 g3+ 26. Nxg3 fxg3+ 27. Rxg3 Rxg3 28. Qxg3 Kh7 29. Rg1 Bf6 30. Bb4 Qg8 31. Qf3 Qe6 32. Bxe7 Qxe7 33. Qf5+ Kh8 34. Qg6 Bg7 35. Ke2 Qf6 36. h6 Qxg6 37. Rxg6 Bf8 38. Re6 Rxa2 39. Rxe5 Rxb2+ 40. Kf3 Bxh6 41. Rd5 Be3 42. Rd8+ Kg7 43. e5 b4 44. Ke4 Re2 45. Rd7+ Kg6 46. Rb7 Bd2+ 47. Kd5 Bc3 48. e6 b3 49. Kd6 b2 50. Rb8 Kf5 51. Rf8+ Kg4 52. Rb8 Kf3 53. e7 Rxe7 54. Kxe7 Ke3 55. Ke6 Kxd3 56. Kd5 Kc2 57. Kc4 b1=Q 0-1

[Event "Formia Open"]
[Site "Formia"]
[Date "1994.??.??"]
[Round "2"]
[White "Giorgadze, Giorgi"]
[Black "Gazik, Igor"]
[Result "1-0"]
[WhiteElo "2555"]
[BlackElo "2410"]
[PlyCount "57"]
[EventDate "1994.??.??"]
[Source "www.chesslib.no"]
[SourceDate "2004.05.04"]

1. c4 e5 2. g3 Nc6 3. Bg2 g6 4. Nc3 Bg7 5. e4 d6 6. d3 Be6 7. Nge2 Qd7 8. Nd5 Nd4 9. Nxd4 exd4 10. O-O Qc8 11. f4 f5 12. Qe2 Kf8 13. b3 Qd7 14. Ba3 Kf7 15. g4 Nh6 16. exf5 gxf5 17. Rae1 Rhe8 18. g5 Ng4 19. h3 Kf8 20. Nxc7 Qxc7 21. hxg4 Rad8 22. Qd2 b6 23. Qf2 Bc8 24. Bd5 fxg4 25. f5 Be5 26. Qh4 Bb7 27. Qh6+ Bg7 28. Rxe8+ Kxe8 29. Qe6+ 1-0

[Event "ALBACETE Ch"]
[Site "?"]
[Date "2005.09.04"]
[Round "5"]
[White "Suba Mihail"]
[Black "Movsziszian Karen"]
[Result "0-1"]
[WhiteElo "2520"]
[BlackElo "2439"]
[PlyCount "25"]
[EventDate "2005.??.??"]
[Source "www.chesslib.no"]
[SourceDate "2004.05.04"]

1. c4 d6 2. Nc3 g6 3. g3 Bg7 4. Bg2 e5 5. e4 Nc6 6. d3 Be6 7. Nge2 h5 8. h3 Qd7 9. Nd5 Nge7 10. Qb3 f5 11. Qa3 h4 12. exf5 gxf5 13. Be3 0-1

[Event "Moscow RUS"]
[Site "?"]
[Date "1996.??.??"]
[Round "?"]
[White "Kron Valentin"]
[Black "Golubev Mihail"]
[Result "0-1"]
[WhiteElo "2430"]
[BlackElo "2525"]
[PlyCount "102"]
[EventDate "1996.??.??"]
[Source "www.chesslib.no"]
[SourceDate "2004.05.04"]

1. c4 g6 2. Nc3 Bg7 3. g3 e5 4. Bg2 Nc6 5. d3 d6 6. e4 Nd4 7. Nge2 Nxe2 8. Qxe2 Ne7 9. O-O Nc6 10. f4 Nd4 11. Qf2 O-O 12. Be3 f5 13. Rae1 c6 14. Kh1 Be6 15. b3 Qa5 16. Nd1 Rae8 17. Qb2 fxe4 18. dxe4 exf4 19. Bxd4 Bxd4 20. Qxd4 f3 21. a4 fxg2+ 22. Kxg2 Qh5 23. Nf2 Qf3+ 24. Kg1 Qxb3 25. Rc1 Qb4 26. a5 Qxa5 27. Qxd6 Qg5 28. c5 Rf7 29. h4 Qe3 30. Rce1 Qb3 31. Rb1 Qf3 32. Rbc1 a5 33. Qe5 a4 34. Rc3 Qe2 35. Qd4 Ref8 36. Re3 Qc4 37. Qxc4 Bxc4 38. Rc1 Be6 39. Nd3 Rf3 40. Rxf3 Rxf3 41. Nf4 Bb3 42. e5 Re3 43. Kf2 Rxe5 44. Nd3 Re4 45. Ra1 Kg7 46. Kf3 Bd5 47. Kf2 Kf6 48. Rb1 a3 49. Rxb7 Re7 50. Rb1 Be4 51. Ke3 Bf5+ 0-1

[Event "Villa Martelli mt"]
[Site "?"]
[Date "1999.??.??"]
[Round "2"]
[White "Hoffman Alejandro"]
[Black "Ginzburg Maximiliano"]
[Result "1-0"]
[WhiteElo "2547"]
[BlackElo "2406"]
[PlyCount "117"]
[EventDate "1999.??.??"]
[Source "www.chesslib.no"]
[SourceDate "2004.05.04"]

1. g3 e5 2. Bg2 Nc6 3. c4 g6 4. Nc3 Bg7 5. e4 d6 6. d3 Nd4 7. h3 Ne7 8. Nge2 c5 9. Nxd4 cxd4 10. Ne2 b5 11. b3 Rb8 12. g4 h5 13. g5 f5 14. gxf6 Bxf6 15. Ng1 Nc6 16. Nf3 g5 17. Bd2 bxc4 18. bxc4 g4 19. hxg4 hxg4 20. Rxh8+ Bxh8 21. Nh2 Bd7 22. Rb1 Rxb1 23. Qxb1 Bf6 24. Nf1 Bg5 25. Bxg5 Qxg5 26. Ng3 Kf7 27. Bf1 Qd8 28. Be2 Ne7 29. Qb7 Be6 30. Qxa7 Kg6 31. Qa4 Qb8 32. Qd1 Qb4+ 33. Kf1 Kg5 34. Qc1+ Kg6 35. f4 exf4 36. Qxf4 Nc6 37. Nf5 Bxf5 38. Qxf5+ Kh6 39. Qe6+ Kg5 40. Qxg4+ Kf6 41. Qh4+ Kg7 42. Qg5+ Kf8 43. Qd5 Qa3 44. Kf2 Ne5 45. Qxd4 Ke7 46. c5 Qxc5 47. Qxc5 dxc5 48. Ke3 Nc6 49. Kf4 Kd6 50. a4 Ke6 51. Bd1 Kf6 52. Bb3 Ne5 53. Bc4 Ng6+ 54. Ke3 Ke5 55. a5 Ne7 56. a6 Nc8 57. Kf3 Na7 58. Kg4 Nc6 59. Kg5 1-0

[Event "FSGM September"]
[Site "Budapest"]
[Date "2003.09.15"]
[Round "10"]
[White "Csom, Istvan"]
[Black "Ovsejevitsch, Sergei"]
[Result "1/2-1/2"]
[WhiteElo "2455"]
[BlackElo "2497"]
[PlyCount "32"]
[EventDate "2003.09.06"]
[Source "Roberto Alvarez"]
[SourceDate "2003.09.22"]

1. c4 e5 2. d3 g6 3. Nc3 Bg7 4. g3 d6 5. Bg2 Nc6 6. e4 f5 7. Nge2 Nf6 8. Nd5 O-O 9. O-O Be6 10. Bg5 Qd7 11. Qd2 Nh5 12. Be3 Nd4 13. Nxd4 exd4 14. Bg5 Rae8 15. exf5 Bxf5 16. Rfe1 Kh8 1/2-1/2

[Event "GMA Baleares Open"]
[Site "Palma de Majorca ESP"]
[Date "1989.??.??"]
[Round "6"]
[White "Spraggett, Kevin B"]
[Black "San Segundo Carrillo, Pablo"]
[Result "1-0"]
[WhiteElo "2575"]
[BlackElo "2375"]
[PlyCount "89"]
[EventDate "1989.12.??"]
[Source "www.chesslib.no"]
[SourceDate "2004.05.04"]

1. c4 g6 2. g3 Bg7 3. Bg2 e5 4. Nc3 Nc6 5. d3 d6 6. e4 Nge7 7. Nge2 O-O 8. O-O f5 9. Nd5 Be6 10. Be3 Qd7 11. Qd2 Rae8 12. Rac1 b6 13. b4 Kh8 14. a3 Nd8 15. Nxe7 Rxe7 16. exf5 Bxf5 17. d4 Bh3 18. d5 Nf7 19. f3 h5 20. Nc3 Bf5 21. c5 Kh7 22. a4 Bh6 23. c6 Qc8 24. a5 bxa5 25. bxa5 Qa6 26. g4 Qd3 27. Bxh6 Nxh6 28. Qg5 Qd4+ 29. Kh1 Rg7 30. Rfd1 Qf2 31. Rd2 Qc5 32. gxf5 gxf5 33. Qh4 Rfg8 34. Ra2 Qe3 35. Qe1 Qf4 36. Qd2 Qh4 37. Rg1 e4 38. Raa1 Rg3 39. Raf1 e3 40. Qc2 R3g6 41. Nb5 f4 42. Nxc7 e2 43. Re1 Rf8 44. Ne6 Rff6 45. c7 1-0

[Event "Hastings Open 9495"]
[Site "Hastings ENG"]
[Date "1994.??.??"]
[Round "?"]
[White "McNab, Colin Anderson"]
[Black "Gallagher, Joseph G"]
[Result "1-0"]
[WhiteElo "2465"]
[BlackElo "2485"]
[PlyCount "87"]
[EventDate "1994.12.??"]
[Source "www.chesslib.no"]
[SourceDate "2004.05.04"]

1. c4 g6 2. g3 Bg7 3. Bg2 e5 4. Nc3 d6 5. d3 Nc6 6. e4 Be6 7. Nge2 h5 8. h4 Nh6 9. Nd5 Nd4 10. Nxd4 exd4 11. Nf4 Bd7 12. f3 O-O 13. Bd2 Kh7 14. O-O f6 15. Qc2 Nf7 16. c5 dxc5 17. Qxc5 f5 18. Rac1 c6 19. exf5 Bxf5 20. g4 b6 21. Qxc6 Ne5 22. Qc7 Bxd3 23. Rfe1 Qxc7 24. Rxc7 Rae8 25. Rxe5 Rxe5 26. Nxd3 Re2 27. Bf4 Kg8 28. Rxa7 Rc8 29. Bf1 Ree8 30. gxh5 gxh5 31. Rb7 Rc6 32. Kf2 Bf6 33. Kg3 Bd8 34. Ne5 Rc7 35. Bc4+ Kh7 36. Bd3+ Kg8 37. Rxb6 Rg7+ 38. Rg6 Bc7 39. Bc4+ Kh7 40. Rxg7+ Kxg7 41. Nd3 Bb6 42. Be5+ Kg6 43. Nf4+ Kf5 44. Bg7 1-0

[Event "ECC"]
[Site "Rethymnon"]
[Date "2003.10.04"]
[Round "7"]
[White "Kelly, Brian"]
[Black "Berndt, Stephan"]
[Result "1/2-1/2"]
[WhiteElo "2487"]
[BlackElo "2462"]
[PlyCount "58"]
[EventDate "2003.09.28"]
[Source "Roberto Alvarez"]
[SourceDate "2003.10.06"]

1. c4 e5 2. g3 Nc6 3. Bg2 g6 4. Nc3 Bg7 5. d3 d6 6. e4 Nge7 7. Nge2 O-O 8. O-O f5 9. a3 Kh8 10. Bd2 Be6 11. Nd5 Qd7 12. Rc1 Rf7 13. f3 Raf8 14. Be3 Nd8 15. Qd2 Nc8 16. exf5 Bxf5 17. d4 Bh3 18. Bh6 Bxh6 19. Qxh6 Bxg2 20. Kxg2 Nc6 21. Qd2 N8e7 22. Nxe7 Qxe7 23. d5 Nb8 24. Nc3 Nd7 25. Ne4 Rf5 26. Qe3 b6 27. b4 Nf6 28. h4 Nxe4 29. fxe4 Rxf1 1/2-1/2

[Event "Open"]
[Site "Condom"]
[Date "2004.07.14"]
[Round "6"]
[White "Genov, Petar"]
[Black "Starostits, Ilmars"]
[Result "1/2-1/2"]
[WhiteElo "2485"]
[BlackElo "2460"]
[PlyCount "76"]
[EventDate "2004.07.10"]
[Source "Roberto Alvarez"]
[SourceDate "2004.07.12"]

1. c4 e5 2. Nc3 Nc6 3. g3 g6 4. Bg2 Bg7 5. e4 d6 6. d3 Nge7 7. h4 h5 8. Bg5 f6 9. Be3 Nd4 10. Nd5 c6 11. Nxe7 Qxe7 12. Ne2 Bg4 13. Bxd4 exd4 14. f3 Bd7 15. Qb3 O-O-O 16. O-O-O Bh6+ 17. f4 Bg4 18. Rde1 g5 19. Rhf1 gxh4 20. gxh4 f5 21. Nxd4 Rhe8 22. Qa4 Kb8 23. Kb1 Rc8 24. Qa5 fxe4 25. Rxe4 Qd7 26. f5 Rxe4 27. Bxe4 d5 28. Bg2 Qd6 29. cxd5 cxd5 30. Qxa7+ Kxa7 31. Nb5+ Kb6 32. Nxd6 Rf8 33. Re1 Bf4 34. Re6 Kc5 35. Nxb7+ Kd4 36. Nd6 Kc5 37. Nb7+ Kd4 38. Nd6 Kc5 1/2-1/2

[Event "JUG-chT"]
[Site "Budva"]
[Date "1996.??.??"]
[Round "3"]
[White "Bogdanovski, Vlatko"]
[Black "Cabrilo, Goran"]
[Result "1/2-1/2"]
[WhiteElo "2455"]
[BlackElo "2490"]
[PlyCount "52"]
[EventDate "1996.??.??"]
[Source "ChessBase"]

1. g3 g6 2. Bg2 Bg7 3. c4 e5 4. Nc3 d6 5. d3 Nc6 6. e4 Be6 7. Nge2 Qd7 8. Nd5 Nce7 9. d4 c6 10. Ne3 exd4 11. Nxd4 Bh3 12. Ndf5 Bxf5 13. exf5 gxf5 14. Bh3 h5 15. O-O h4 16. g4 O-O-O 17. Qf3 Kb8 18. g5 f6 19. Nxf5 Nxf5 20. Bxf5 Qc7 21. g6 Ne7 22. Kh1 Bh6 23. Rg1 Rdg8 24. Be3 Bxe3 25. fxe3 Rg7 26. Rad1 Qa5 1/2-1/2

[Event "Altensteig"]
[Site "Altensteig"]
[Date "1992.??.??"]
[Round "8"]
[White "Gabriel, Christian"]
[Black "Stefansson, Hannes"]
[Result "1/2-1/2"]
[WhiteElo "2490"]
[BlackElo "2445"]
[PlyCount "35"]
[EventDate "1992.07.??"]
[Source "ChessBase"]

1. c4 e5 2. Nc3 Nc6 3. g3 g6 4. Bg2 Bg7 5. d3 d6 6. e4 Nge7 7. Nge2 O-O 8. O-O Nd4 9. Nxd4 exd4 10. Ne2 Rb8 11. b4 b5 12. cxb5 Rxb5 13. Bd2 c5 14. bxc5 dxc5 15. a4 Rb8 16. Bf4 Rb4 17. Bd2 Rb8 18. Bf4 1/2-1/2

[Event "Viernheim"]
[Site "Viernheim"]
[Date "1995.??.??"]
[Round "7"]
[White "Bezold, Michael"]
[Black "Schlindwein, Rolf"]
[Result "1/2-1/2"]
[WhiteElo "2490"]
[BlackElo "2440"]
[PlyCount "110"]
[EventDate "1995.10.??"]
[Source "ChessBase"]

1. c4 e5 2. Nc3 Nc6 3. g3 g6 4. Bg2 d6 5. d3 Bg7 6. e4 f5 7. Nge2 Nf6 8. Nd5 O-O 9. O-O Ne7 10. Nxf6+ Bxf6 11. Bh6 Re8 12. Qd2 Nc6 13. Be3 Be6 14. b3 g5 15. exf5 Bxf5 16. Rad1 h6 17. Be4 Qd7 18. f3 Rf8 19. g4 Bh7 20. h4 Qe7 21. Kg2 Nd8 22. Rh1 Bxe4 23. dxe4 gxh4 24. Bxh6 Rf7 25. Kf2 Ne6 26. g5 Bg7 27. Rxh4 Raf8 28. Rh3 Bxh6 29. gxh6 Kh8 30. Rg1 Nc5 31. Qe3 Qe6 32. Rhg3 Qf6 33. Ke1 Qh4 34. Kd2 Qh5 35. h7 Rxh7 36. f4 Qh4 37. Rg4 Qf6 38. f5 a5 39. R1g2 Qf7 40. Qg3 b5 41. Rh2 Rg8 42. Rxh7+ Qxh7 43. Rxg8+ Qxg8 44. Qh4+ Qh7 45. Qd8+ Qg8 46. Qxg8+ Kxg8 47. cxb5 Nxe4+ 48. Kd3 d5 49. a4 Kf7 50. Nc3 Nf6 51. Na2 Nd7 52. b4 axb4 53. Nxb4 Nc5+ 54. Kc2 Nxa4 55. Nxd5 Nb6 1/2-1/2

[Event "FRA Ch"]
[Site "Toulouse FRA"]
[Date "1995.??.??"]
[Round "3"]
[White "Bricard, Emmanuel"]
[Black "Relange, Eloi"]
[Result "1/2-1/2"]
[WhiteElo "2500"]
[BlackElo "2420"]
[PlyCount "37"]
[EventDate "1995.08.??"]
[Source "www.chesslib.no"]
[SourceDate "2004.05.04"]

1. c4 e5 2. g3 Nc6 3. Bg2 g6 4. Nc3 Bg7 5. d3 d6 6. e4 Nh6 7. Nge2 O-O 8. h3 f5 9. Be3 Nd4 10. Qd2 Nf7 11. h4 c6 12. h5 Qa5 13. hxg6 hxg6 14. Rb1 Be6 15. b4 Qa3 16. exf5 Bxf5 17. Bxd4 exd4 18. Ne4 Rad8 19. Rb3 1/2-1/2

[Event "jr qual"]
[Site "Odessa UKR"]
[Date "1989.??.??"]
[Round "?"]
[White "Serper, Grigory"]
[Black "Tiviakov, Sergei"]
[Result "1/2-1/2"]
[WhiteElo "2435"]
[BlackElo "2480"]
[PlyCount "108"]
[EventDate "1989.??.??"]
[Source "www.chesslib.no"]
[SourceDate "2004.05.04"]

1. c4 e5 2. g3 Nc6 3. Bg2 g6 4. Nc3 d6 5. d3 Bg7 6. e4 Nge7 7. Nge2 O-O 8. O-O f5 9. Nd5 Be6 10. Be3 Qd7 11. Qd2 Nd8 12. d4 fxe4 13. Nxe7+ Qxe7 14. d5 Bf5 15. Nc3 b6 16. b4 a5 17. a3 Nb7 18. Nxe4 Ra6 19. Rfc1 Rfa8 20. Qd1 Qe8 21. c5 axb4 22. cxb6 cxb6 23. axb4 Rxa1 24. Rxa1 b5 25. h4 Ra4 26. Rxa4 bxa4 27. Qa1 Bd7 28. Qa3 Qc8 29. Qa2 Bb5 30. Bf1 Qe8 31. Nc3 Bd7 32. Ba6 Nd8 33. Ne4 Nf7 34. Qb1 a3 35. b5 Bxb5 36. Bxb5 a2 37. Qxa2 Qxb5 38. Qa8+ Bf8 39. Nf6+ Kg7 40. Ne8+ Kg8 41. Nc7 Qb1+ 42. Kh2 Qf5 43. Ne6 Nh6 44. Qxf8+ Qxf8 45. Nxf8 Ng4+ 46. Kh3 Nxe3 47. fxe3 Kxf8 48. Kg4 Kg7 49. Kg5 h5 50. e4 Kf7 51. g4 hxg4 52. Kxg4 Kf6 53. h5 Kg7 54. Kh4 gxh5 1/2-1/2

[Event "Lloyds Bank Open"]
[Site "London ENG"]
[Date "1994.??.??"]
[Round "2"]
[White "Webster, Andrew"]
[Black "Mestel, Jonathan"]
[Result "1/2-1/2"]
[WhiteElo "2395"]
[BlackElo "2520"]
[PlyCount "89"]
[EventDate "1994.08.??"]
[Source "www.chesslib.no"]
[SourceDate "2004.05.04"]

1. c4 g6 2. g3 Bg7 3. Bg2 e5 4. Nc3 d6 5. d3 Nc6 6. e4 Be6 7. Be3 Nge7 8. Nge2 Nd4 9. O-O O-O 10. Nd5 Nec6 11. h3 Qd7 12. Kh2 Rae8 13. Nxd4 Nxd4 14. Bxd4 exd4 15. Rb1 h5 16. h4 Qd8 17. b4 c6 18. Nf4 Bg4 19. Bf3 Bd7 20. b5 Be5 21. Qd2 Kh7 22. Ng2 Qf6 23. bxc6 bxc6 24. Be2 Qe6 25. Rb7 d5 26. cxd5 cxd5 27. Bf3 dxe4 28. Bxe4 a6 29. Rfb1 Bc8 30. R7b6 Qh3+ 31. Kg1 Bc7 32. Rc6 Qd7 33. Rc5 Re5 34. Rxe5 Bxe5 35. Qa5 Qc7 36. Qxc7 Bxc7 37. Bb7 Be5 38. Ne1 Be6 39. Nf3 Bf6 40. Bxa6 Bxa2 41. Rb6 Kg7 42. Rd6 Ra8 43. Bc4 Bxc4 44. dxc4 Ra2 45. Nxd4 1/2-1/2

[Event "Bayern-chI Bank Hofmann 3rd"]
[Site "?"]
[Date "1999.10.25"]
[Round "3"]
[White "Eingorn Vereslav S"]
[Black "Kummerow Heiko"]
[Result "1-0"]
[WhiteElo "2589"]
[BlackElo "2319"]
[PlyCount "75"]
[EventDate "1999.??.??"]
[Source "www.chesslib.no"]
[SourceDate "2004.05.04"]

1. c4 e5 2. g3 Nc6 3. Bg2 g6 4. Nc3 Bg7 5. d3 d6 6. e4 Nge7 7. Nge2 O-O 8. O-O Be6 9. Nd5 f5 10. Be3 Qd7 11. Qd2 Rf7 12. Nxe7+ Rxe7 13. Nc3 Rf7 14. exf5 gxf5 15. f4 Rb8 16. Rae1 Kh8 17. b3 Re7 18. Nd5 Ree8 19. Kh1 b6 20. Rc1 a5 21. a3 Nd4 22. Rb1 Bf7 23. fxe5 dxe5 24. Bxd4 Bxd5 25. cxd5 exd4 26. Qf4 Re3 27. Rbc1 Qd6 28. Qxf5 Rf8 29. Qh5 Rxf1+ 30. Rxf1 Qh6 31. Qf5 Re8 32. Qd7 Qe3 33. Qxc7 Rf8 34. Rxf8+ Bxf8 35. h4 Qxd3 36. Qe5+ Kg8 37. d6 Qd1+ 38. Kh2 1-0

[Event "HUN Ch"]
[Site "HUN"]
[Date "1975.??.??"]
[Round "?"]
[White "Bilek, Istvan"]
[Black "Pinter, Jozsef"]
[Result "1/2-1/2"]
[WhiteElo "2495"]
[BlackElo "2410"]
[PlyCount "62"]
[EventDate "1975.??.??"]
[Source "www.chesslib.no"]
[SourceDate "2004.05.04"]

1. c4 g6 2. Nc3 Bg7 3. g3 d6 4. Bg2 e5 5. d3 Nc6 6. e4 Nge7 7. Nge2 O-O 8. O-O f5 9. Be3 Be6 10. Nd5 Qd7 11. Qd2 Rf7 12. Rad1 Raf8 13. f3 Nc8 14. b3 Nd8 15. exf5 Bxf5 16. d4 Nc6 17. dxe5 Nxe5 18. Bd4 Bh3 19. f4 Nc6 20. Bxh3 Qxh3 21. Bxg7 Kxg7 22. Nec3 h6 23. Rde1 Nb6 24. Nxb6 axb6 25. Nd5 Kh7 26. Rf2 Qf5 27. Rfe2 g5 28. Re4 gxf4 29. Rxf4 Qg6 30. Rxf7+ Rxf7 31. Nf4 Qf5 1/2-1/2

[Event "Dubai op"]
[Site "Dubai"]
[Date "1999.05.05"]
[Round "5"]
[White "Miezis, Normunds"]
[Black "Ibrahimov, Rasul"]
[Result "1/2-1/2"]
[WhiteElo "2525"]
[BlackElo "2378"]
[PlyCount "125"]
[EventDate "1999.05.??"]
[Source "ChessBase"]
[SourceDate "1999.07.10"]

1. c4 e5 2. Nc3 Nc6 3. g3 g6 4. Bg2 Bg7 5. d3 d6 6. e4 Nge7 7. Nge2 O-O 8. O-O a6 9. Be3 Nd4 10. f4 c6 11. a4 Be6 12. h3 d5 13. cxd5 cxd5 14. fxe5 Nxe2+ 15. Nxe2 dxe4 16. d4 Nd5 17. Qd2 Rc8 18. Nf4 Nxf4 19. Rxf4 Bd5 20. Bxe4 Bxe4 21. Rxe4 Qd5 22. Rf4 Bh6 23. Rf2 Rc2 24. Qxc2 Bxe3 25. Kh2 Bxf2 26. Qxf2 Rd8 27. Rd1 Qb3 28. Rd2 Qxa4 29. Qf6 Qa5 30. Rf2 Qd5 31. h4 Rc8 32. h5 Rc1 33. Rg2 Rc6 34. Qg5 h6 35. Qg4 Kg7 36. Rf2 Rc1 37. Rg2 Rc4 38. Qf4 Rc6 39. hxg6 Rxg6 40. Rf2 a5 41. Qf3 Qxf3 42. Rxf3 Rb6 43. Rf2 Rb4 44. Rd2 Kf8 45. Kg2 Rb3 46. Kh3 Ke7 47. Kg4 f6 48. Re2 Rd3 49. Kf5 Rf3+ 50. Kg4 Rd3 51. Kf5 Rf3+ 52. Kg4 Rd3 53. Re4 fxe5 54. Rxe5+ Kf6 55. Rf5+ Kg6 56. Rd5 Kf6 57. Kf4 Ke6 58. Re5+ Kd6 59. Ke4 Rxg3 60. Rxa5 Rb3 61. Rh5 Rxb2 62. Rxh6+ Kd7 63. Ke5 1/2-1/2

[Event "8th WUCC"]
[Site "Instanbul"]
[Date "2004.09.05"]
[Round "1"]
[White "Sebe Vodislav, Razvan Alex"]
[Black "Khismatullin, Denis"]
[Result "0-1"]
[WhiteElo "2346"]
[BlackElo "2556"]
[PlyCount "136"]
[EventDate "2004.09.05"]
[Source "Roberto Alvarez"]
[SourceDate "2004.09.21"]

1. c4 e5 2. Nc3 g6 3. g3 Bg7 4. Bg2 d6 5. e4 Nc6 6. d3 f5 7. Nge2 Nf6 8. O-O O-O 9. Nd5 Be6 10. Bg5 Qd7 11. Qd2 Nh5 12. Rab1 Rae8 13. b4 Nd8 14. exf5 Bxf5 15. Ne3 Bh3 16. Bxd8 Rxd8 17. d4 Nf4 18. gxf4 exf4 19. Bxh3 Qxh3 20. Nd5 Qg4+ 21. Kh1 Qf3+ 22. Kg1 Bh6 23. Qd1 Qg4+ 24. Kh1 Qf3+ 25. Kg1 c6 26. Nec3 Qh3 27. f3 Rde8 28. Rb2 Bg7 29. Rg2 cxd5 30. Nxd5 Qc8 31. Rc2 Qf5 32. Rff2 Bxd4 33. Qxd4 Re1+ 34. Rf1 Rxf1+ 35. Kxf1 Qxc2 36. Nf6+ Rxf6 37. Qxf6 Qxc4+ 38. Kf2 Qxa2+ 39. Kf1 Qb1+ 40. Kg2 Qxb4 41. Qe6+ Kf8 42. Qf6+ Ke8 43. Qh8+ Kd7 44. Qxh7+ Kc6 45. Qxg6 a5 46. Qc2+ Kb6 47. h4 Qe1 48. Qb2+ Ka6 49. Qa3 Qe2+ 50. Kh3 Qe6+ 51. Kg2 Qg6+ 52. Kf1 d5 53. Qf8 Qd3+ 54. Ke1 Qe3+ 55. Kd1 Qxf3+ 56. Kc1 Qc3+ 57. Kd1 Qd3+ 58. Kc1 f3 59. Qa8+ Kb6 60. Qd8+ Kb5 61. Qd7+ Ka6 62. Qd6+ b6 63. Qf8 Qc4+ 64. Kd1 Qe2+ 65. Kc1 Kb5 66. Qf7 Qe3+ 67. Kb1 Ka4 68. Kc2 f2 0-1

[Event "Belgrade-A"]
[Site "Belgrade"]
[Date "1991.??.??"]
[Round "5"]
[White "Pavlovic, Milos"]
[Black "Golubev, Mihail"]
[Result "1/2-1/2"]
[WhiteElo "2480"]
[BlackElo "2420"]
[PlyCount "27"]
[EventDate "1991.10.??"]
[Source "www.chesslib.no"]
[SourceDate "2004.05.04"]

1. c4 g6 2. g3 Bg7 3. Bg2 e5 4. Nc3 d6 5. d3 Nc6 6. e4 Nd4 7. Nge2 h5 8. h3 Nxe2 9. Qxe2 Be6 10. Be3 Qd7 11. O-O-O c5 12. f4 Ne7 13. Qf2 Nc6 14. Rdf1 1/2-1/2